01019 a2200205 4500003000500000005001700005040000900022082000800031245008400039260003200123650009900155651002300254942000700277999001900284952010200303952010200405952010200507952010200609952010200711Nust20170207154550.0 cNust a799 aClosing Address Meet Allied Officers MCC-29 (Photo Album Vol No. 3, 2003)cMCS aRawalpindibMCSc08-08-2003 aPictures of Closing Address Meet Allied Officers MCC-29,(Photo Album Vol No. 3, 2003,CD-NO-12) aSweet Memories-MCS cBK c198387d198387 00102ddc40708NFICaMCSbMCSd2016-12-12l0o799 ALLpMCSPIC-2169r2016-12-08w2016-12-12yBK 00102ddc40708NFICaMCSbMCSd2016-12-12l0o799 ALLpMCSPIC-2170r2016-12-08w2016-12-12yBK 00102ddc40708NFICaMCSbMCSd2016-12-12l0o799 ALLpMCSPIC-2171r2016-12-08w2016-12-12yBK 00102ddc40708NFICaMCSbMCSd2016-12-12l0o799 ALLpMCSPIC-2172r2016-12-08w2016-12-12yBK 00102ddc40708NFICaMCSbMCSd2016-12-12l0o799 ALLpMCSPIC-2173r2016-12-08w2016-12-12yBK